The social psychology of organizational behavior : key readings (Record no. 70508)

MARC details
000 -LEADER
fixed length control field 00701nam a2200217Ia 4500
008 - FIXED-LENGTH DATA ELEMENTS--GENERAL INFORMATION
fixed length control field 191130s2003##################000#0#eng##
020 ## - INTERNATIONAL STANDARD BOOK NUMBER
ISBN 184169083X
082 ## - DEWEY DECIMAL CLASSIFICATION NUMBER
Classification number 302.35 THO
245 ## - TITLE STATEMENT
Title The social psychology of organizational behavior : key readings
Statement of responsibility, etc edited by Leigh L. Thompson
260 ## - PUBLICATION, DISTRIBUTION, ETC. (IMPRINT)
Place of publication Hove ; East Sussex, [UK]
Name of publisher Psychology Press
Year of publication 2003
300 ## - PHYSICAL DESCRIPTION
Number of Pages xix, 441 p. : ill. ; 24 cm.
500 ## - GENERAL NOTE
General note Includes bibliographical references and indexes
650 ## - SUBJECT ADDED ENTRY--TOPICAL TERM
Topical Term Organizational behavior
Topical Term Social psychology
700 ## - ADDED ENTRY--PERSONAL NAME
Personal name Thompson, Leigh L, ed
991 ## -
-- 9380
Holdings
Withdrawn status Lost status Damaged status Not for loan Home library Current library Shelving location Date acquired Full call number Accession Number Price effective from Koha item type
        Anna Centenary Library Anna Centenary Library 3RD FLOOR, B WING 09.10.2020 302.35 THO 121097 09.10.2020 English Books

Find us on the map